<?xml version="1.0" encoding="UTF-8"?>
<record
    xmlns:xsi="http://www.w3.org/2001/XMLSchema-instance"
    xsi:schemaLocation="http://www.loc.gov/MARC21/slim http://www.loc.gov/standards/marcxml/schema/MARC21slim.xsd"
    xmlns="http://www.loc.gov/MARC21/slim">

  <leader>00839nam a22002411i 4500</leader>
  <controlfield tag="001">21481</controlfield>
  <datafield tag="090" ind1=" " ind2=" ">
    <subfield code="a">21481</subfield>
  </datafield>
  <datafield tag="010" ind1=" " ind2=" ">
    <subfield code="a">9789722712880</subfield>
  </datafield>
  <datafield tag="100" ind1=" " ind2=" ">
    <subfield code="a">20170304u        u  u0frey50      ba</subfield>
  </datafield>
  <datafield tag="101" ind1="0" ind2=" ">
    <subfield code="a">por</subfield>
  </datafield>
  <datafield tag="200" ind1="1" ind2=" ">
    <subfield code="f">Eudoro de Sousa</subfield>
    <subfield code="a">Dionisio em Creta e outros ensaios</subfield>
  </datafield>
  <datafield tag="215" ind1=" " ind2=" ">
    <subfield code="a">299, [5] p.</subfield>
    <subfield code="d">24 cm</subfield>
  </datafield>
  <datafield tag="300" ind1=" " ind2=" ">
    <subfield code="a">Oferta de Imprensa Nacional - Casa da Moeda</subfield>
  </datafield>
  <datafield tag="702" ind1=" " ind2="1">
    <subfield code="a">Telmo</subfield>
    <subfield code="b">Ant&#xF3;nio</subfield>
    <subfield code="4">570</subfield>
  </datafield>
  <datafield tag="700" ind1=" " ind2="1">
    <subfield code="a">Sousa</subfield>
    <subfield code="b">Eudoro de</subfield>
    <subfield code="4">070</subfield>
  </datafield>
  <datafield tag="210" ind1=" " ind2=" ">
    <subfield code="c">Imprensa Nacional-Casa da Moeda</subfield>
    <subfield code="a">Lisboa</subfield>
    <subfield code="d">imp. 2004</subfield>
  </datafield>
  <datafield tag="225" ind1="2" ind2=" ">
    <subfield code="a">Estudos gerais</subfield>
  </datafield>
  <datafield tag="410" ind1=" " ind2="0">
    <subfield code="t">Estudos gerais</subfield>
  </datafield>
  <datafield tag="225" ind1="2" ind2=" ">
    <subfield code="i">S&#xE9;rie universit&#xE1;ria</subfield>
  </datafield>
  <datafield tag="411" ind1=" " ind2="0">
    <subfield code="t">S&#xE9;rie universit&#xE1;ria</subfield>
  </datafield>
  <datafield tag="996" ind1=" " ind2=" ">
    <subfield code="f">0030892</subfield>
    <subfield code="k">SOU</subfield>
    <subfield code="m">00000000</subfield>
    <subfield code="n">00000000</subfield>
    <subfield code="a">BMVA</subfield>
    <subfield code="b">1</subfield>
    <subfield code="v">Viana do Alentejo</subfield>
    <subfield code="x">Filosofia</subfield>
    <subfield code="y">24</subfield>
    <subfield code="e">Livro</subfield>
    <subfield code="1">0</subfield>
    <subfield code="3">1</subfield>
  </datafield>
  <datafield tag="996" ind1=" " ind2=" ">
    <subfield code="f">0031099</subfield>
    <subfield code="k">SOU</subfield>
    <subfield code="m">00000000</subfield>
    <subfield code="n">00000000</subfield>
    <subfield code="a">BMVA</subfield>
    <subfield code="b">1</subfield>
    <subfield code="v">Alc&#xE1;&#xE7;ovas</subfield>
    <subfield code="x">Filosofia</subfield>
    <subfield code="y">24</subfield>
    <subfield code="e">Livro</subfield>
    <subfield code="1">0</subfield>
    <subfield code="3">1</subfield>
  </datafield>
  <datafield tag="990" ind1=" " ind2=" ">
    <subfield code="c">LIVROS</subfield>
  </datafield>
  <datafield tag="995" ind1=" " ind2=" ">
    <subfield code="0">0</subfield>
    <subfield code="1">0</subfield>
    <subfield code="9">29542</subfield>
    <subfield code="b">BMVA</subfield>
    <subfield code="d">BMVA</subfield>
    <subfield code="f">0026605</subfield>
    <subfield code="k">1 SOU</subfield>
    <subfield code="o">0</subfield>
    <subfield code="r">LIVROS</subfield>
  </datafield>
  <datafield tag="995" ind1=" " ind2=" ">
    <subfield code="0">0</subfield>
    <subfield code="1">0</subfield>
    <subfield code="9">29543</subfield>
    <subfield code="b">BMVA</subfield>
    <subfield code="d">BMVAAL</subfield>
    <subfield code="e">DEP</subfield>
    <subfield code="f">0026932</subfield>
    <subfield code="k">1 SOU</subfield>
    <subfield code="o">0</subfield>
    <subfield code="r">LIVROS</subfield>
    <subfield code="u">cx. 151 vnt</subfield>
  </datafield>
</record>
